Top 12 Orlando Magic Players - Statistics

General Stats
  • This quiz has been taken 365 times
    315 since last reset
  • The average score is 7 of 12
Answer Stats
Rank Player Win Share % Correct
4 Shaquille O'Neal 48.3
98%
1 Dwight Howard 87.5
90%
6 Penny Hardaway 46.3
90%
5 Tracy McGrady 48.2
78%
3 Nikola Vučević 50.1
63%
10 Hedo Türkoğlu 39.6
48%
7 Jameer Nelson 43.0
48%
2 Nick Anderson 52.9
46%
8 Horace Grant 42.2
44%
12 Rashard Lewis 27.4
41%
11 Dennis Scott 28.3
29%
9 Darrell Armstrong 40.2
18%
No matching quizzes found
Score Distribution
Percent of People with Each Score
Percentile by Number Answered
Your Score History
You have not taken this quiz since the last reset